The scope for reducing carbon emissions from housing (Record no. 105205)

MARC details
000 -LEADER
fixed length control field 01230cam a2200241 4500
001 - CONTROL NUMBER
control field ##L132658
008 - FIXED-LENGTH DATA ELEMENTS--GENERAL INFORMATION
fixed length control field 060227n2005 000 0 eng u
020 ## - INTERNATIONAL STANDARD BOOK NUMBER
International Standard Book Number 1860818927
035 ## - SYSTEM CONTROL NUMBER
System control number (Sirsi) u132658
041 0# - LANGUAGE CODE
Language code of text/sound track or separate title eng
050 04 - LIBRARY OF CONGRESS CALL NUMBER
Classification number 696.9 $2 18
100 1# - MAIN ENTRY--PERSONAL NAME
Personal name Henderson J.
245 04 - TITLE STATEMENT
Title The scope for reducing carbon emissions from housing
260 ## - PUBLICATION, DISTRIBUTION, ETC.
Place of publication, distribution, etc. Watford
Name of publisher, distributor, etc. BRE
Date of publication, distribution, etc. 2005
300 ## - PHYSICAL DESCRIPTION
Extent 8p.
Other physical details ill
Dimensions 30cm.
490 #0 - SERIES STATEMENT
Series statement BRE Information Paper
Volume/sequential designation IP 15/05
520 ## - SUMMARY, ETC.
Summary, etc. Evaluates the potential of reducing carbon emissions through domestic energy efficiency measures. It finds that in 2001, a cost effective savings potential of between nine and 17.5 million tonnes of carbon emissions per year existed for dwellings. This compares with an estimated figure of between 6.5 and 13.5 million tonnes for 2010. It is predicted that by 2050, nearly all of the potential from today's insulation measures will have been used up, thus the possibilities of using renewable sources of energy is considered.
590 ## - LOCAL NOTE (RLIN)
Local note IKA280206
690 ## - LOCAL SUBJECT ADDED ENTRY--TOPICAL TERM (OCLC, RLIN)
Topical term or geographic name as entry element ENVIRONMENTAL AND LAND CONSULTANCY-ENERGY-ENERGY USE-ENERGY EFFICIENCY
700 1# - ADDED ENTRY--PERSONAL NAME
Personal name Shorrock, L. D.
710 2# - ADDED ENTRY--CORPORATE NAME
Corporate name or jurisdiction name as entry element Department for Environment, Food and Rural Affairs
9 (RLIN) 4094
942 ## - ADDED ENTRY ELEMENTS (KOHA)
Suppress in OPAC 0
Holdings
Withdrawn status Lost status Source of classification or shelving scheme Damaged status Not for loan Home library Current library Shelving location Date acquired Total Checkouts Full call number Barcode Date last seen Copy number Price effective from Koha item type
    Dewey Decimal Classification     London London BRE publications 27/02/2006   ENQUIRY DESK 30071939 06/08/2019 1 06/08/2019 Book